| 000 | 00474nam a22001817a 4500 | ||
|---|---|---|---|
| 005 | 20230712152452.0 | ||
| 008 | 230712b |||||||| |||| 00| 0 eng d | ||
| 020 | _a9789818073 | ||
| 082 |
_a371.001 _bMUH-F |
||
| 100 | _aMuhammad Athar Khan | ||
| 245 | _aFoundations of Education-2 | ||
| 250 | _a2 v | ||
| 260 |
_aPakistan _bSarhad University Education Publication Series _c2021 |
||
| 300 | _a585 | ||
| 650 | _aEducation | ||
| 700 | _aMuhammad Athar Khan | ||
| 999 |
_c25946 _d25946 |
||